| 000 | 00548nam a22002177a 4500 | ||
|---|---|---|---|
| 003 | OSt | ||
| 005 | 20140310181734.0 | ||
| 008 | 130319t xxu||||| |||| 00| 0 eng d | ||
| 020 | _a0380443880 | ||
| 050 |
_aBF 575 _b.D996 1977 |
||
| 082 |
_aTR 150 _bD98 1977 |
||
| 245 |
_aPulling your own strings/ _cWayne W. Dyer. |
||
| 260 |
_aNew York : _bAvon Books, _c1977. |
||
| 300 |
_a265 p. : _c18 cm. |
||
| 500 | _aIncludes index. | ||
| 520 | _a1. Psychology | ||
| 521 | _aFaculty | ||
| 541 | _j1 | ||
| 562 | _e1 | ||
| 942 |
_2lcc _cBK-TR _kTR |
||
| 999 |
_c2507 _d2507 |
||